Most Guessed Regions of France - Statistics

General Stats
  • This quiz has been taken 6 times
  • The average score is 4 of 8
Answer Stats
Guessed (%) Region % Correct
52 Bourgogne-Franche-Comté
83%
86 Brittany
67%
65 Île-de-France
67%
62 Provence-Alpes-Côte d'Azur
67%
86 Normandy
50%
51 Pays de la Loire
50%
62 French Guiana
33%
77 Corsica
17%
No matching quizzes found
Score Distribution
Percent of People with Each Score
Percentile by Number Answered
Your Score History
You have not taken this quiz